[Event "39th Olympiad Women"]
[Site "Khanty-Mansiysk RUS"]
[Date "2010.09.27"]
[Round "6"]
[White "Mir Mahmoud, Afamia"]
[Black "Jennitha, Anto K."]
[Result "0-1"]
[WhiteElo "2014"]
[BlackElo "1966"]
[Board "36.1"]
[WhiteTeam "SYR"]
[BlackTeam "IPCA"]
[WhiteFideId "7600674"]
[BlackFideId "5018218"]
[EventDate "2010.09.21"]
[EventType "team"]

1. d4 Nf6 2. Nf3 e6 3. c4 b6 4. g3 Bb7 5. Bg2 Be7 6. O-O O-O 7. d5 exd5 8. Nh4
c6 9. cxd5 Nxd5 10. Nf5 Nf6 11. e4 d5 12. e5 Ne8 13. Re1 Bc8 14. Qd3 Bxf5 15.
Qxf5 Qd7 16. Qd3 Nc7 17. Nc3 Nba6 18. a3 Nc5 19. Qc2 Rad8 20. b4 N5e6 21. Bb2
Nd4 22. Qd3 c5 23. Rad1 g6 24. Kh1 Rfe8 25. Bc1 Qf5 26. Qxf5 Nxf5 27. bxc5 Bxc5
28. Bxd5 Bxf2 29. Re4 Bc5 30. Bg5 Be7 31. Bc1 Bc5 32. a4 Ne7 33. Bb3 Rxd1+ 34.
Bxd1 Nc6 35. Bf4 Bd4 36. Nb5 Nxb5 37. axb5 f5 38. Bh6 fxe4 39. Bb3+ Kh8 40. bxc6
Bxe5 41. Kg2 b5 42. Kf2 a5 43. Bd5 a4 44. Bd2 Kg7 45. Ba5 a3 46. Ke3 a2 47. Bxa2
Ra8 48. c7 Bxc7 49. Bc3+ Kh6 50. Bd5 Ra3 51. Kd2 Ba5 52. Bxa5 Rxa5 53. Ke3 b4
54. Bxe4 b3 55. Kd2 Ra2+ 56. Kc3 Rxh2 57. Kxb3 Rh3 0-1

[Event "39th Olympiad Women"]
[Site "Khanty-Mansiysk RUS"]
[Date "2010.09.27"]
[Round "6"]
[White "Zykina, Nadezhda"]
[Black "Algildah, Nibal"]
[Result "1-0"]
[WhiteTitle "WFM"]
[WhiteElo "2103"]
[BlackElo "1932"]
[Board "36.2"]
[WhiteTeam "IPCA"]
[BlackTeam "SYR"]
[WhiteFideId "24150789"]
[BlackFideId "7600950"]
[EventDate "2010.09.21"]
[EventType "team"]

1. e4 c6 2. d4 d5 3. Nc3 dxe4 4. Nxe4 Nd7 5. Bc4 Ngf6 6. Ng5 e6 7. f4 Nb6 8. Bb3
h6 9. N5f3 c5 10. c3 Qc7 11. Ne2 Bd6 12. O-O O-O 13. Ne5 c4 14. Bc2 Nbd5 15. Ng3
a6 16. a4 Rb8 17. a5 b5 18. axb6 Nxb6 19. Qe2 Bb7 20. f5 Rfe8 21. Ng4 Nxg4 22.
Qxg4 Bxg3 23. hxg3 Qc6 24. Qh3 exf5 25. Bf4 Re2 26. Rf2 Rbe8 27. Bxf5 Re1+ 28.
Rxe1 Rxe1+ 29. Kh2 Qa4 30. Bd2 Re8 31. Bxh6 Qc6 32. Bg5 g6 33. Bg4 f5 34. Bf3
Nd5 35. Qh6 Qe6 36. Re2 Qf7 37. Bxd5 Bxd5 38. Bf6 1-0

[Event "39th Olympiad Women"]
[Site "Khanty-Mansiysk RUS"]
[Date "2010.09.27"]
[Round "6"]
[White "Al-Jelda, Fatma"]
[Black "Kaydanovich, Marina"]
[Result "1-0"]
[WhiteElo "1822"]
[BlackElo "1837"]
[Board "36.3"]
[WhiteTeam "SYR"]
[BlackTeam "IPCA"]
[WhiteFideId "7600291"]
[BlackFideId "4134877"]
[EventDate "2010.09.21"]
[EventType "team"]

1. e4 d5 2. exd5 Qxd5 3. d4 Nc6 4. Nf3 Bg4 5. Be2 O-O-O 6. c3 Nf6 7. Nbd2 e6 8.
Qb3 h6 9. Nc4 Bh5 10. Bf4 g5 11. Bg3 Ne4 12. Ne3 Qxb3 13. axb3 Nxg3 14. hxg3 Bg6
15. Nxg5 Be7 16. Nh3 f6 17. Bf3 Kb8 18. Bxc6 bxc6 19. O-O Kb7 20. Nc4 Bd6 21.
Rfe1 Rhe8 22. Nf4 Bf7 23. Na5+ Kb6 24. Nc4+ Kb7 25. Nd3 Bg6 26. Nc5+ Bxc5 27.
dxc5 Rd5 28. b4 Kc8 29. Rxa7 e5 30. Ra8+ Kd7 31. Rxe8 Bxe8 32. Ne3 Rd2 33. Rd1
Rxd1+ 34. Nxd1 Bg6 35. Ne3 Ke6 36. g4 Bd3 37. f3 Bg6 38. Kf2 h5 39. gxh5 Bxh5
40. g4 Bg6 41. Ke2 Bh7 42. Kd2 Bg6 43. c4 Be8 44. Nf5 Bg6 45. Ng3 Bh7 46. Ne4
Bg6 47. Ke3 f5 48. gxf5+ Kxf5 49. b5 cxb5 50. cxb5 Ke6 51. Nc3 Bf5 52. b4 Bg6
53. c6 Kd6 54. Ne4+ Kd5 55. Nc5 Kc4 56. Nd7 Kxb5 57. Nxe5 Be8 58. f4 Kxb4 59.
Kd4 Kb5 60. Kd5 Bh5 61. f5 Bd1 62. Ke6 Kc5 63. f6 Bb3+ 1-0

[Event "39th Olympiad Women"]
[Site "Khanty-Mansiysk RUS"]
[Date "2010.09.27"]
[Round "6"]
[White "Andersson, Christin"]
[Black "Naipal, Victoria"]
[Result "1-0"]
[WhiteTitle "WIM"]
[BlackTitle "WFM"]
[WhiteElo "2113"]
[BlackElo "1845"]
[Board "37.1"]
[WhiteTeam "SWE"]
[BlackTeam "SUR"]
[WhiteFideId "1702947"]
[BlackFideId "8200149"]
[EventDate "2010.09.21"]
[EventType "team"]

1. e4 e5 2. Nf3 Nc6 3. Bc4 Bc5 4. c3 Nf6 5. d3 a6 6. Bb3 O-O 7. h3 h6 8. Nbd2
Ba7 9. Nf1 d5 10. Qe2 Re8 11. Ng3 dxe4 12. dxe4 Be6 13. Bxe6 Rxe6 14. O-O Ne8
15. Be3 Bxe3 16. Qxe3 Nd6 17. Rad1 Qf6 18. Qc5 Qe7 19. Rd5 Rf8 20. Rfd1 g6 21.
a4 Nc8 22. Qe3 f5 23. Rd7 Qf6 24. Qxh6 Re7 25. exf5 gxf5 26. Qh5 Rff7 27. Rxe7
N8xe7 28. Rd7 Rh7 29. Qe8+ Qf8 30. Qxf8+ Kxf8 31. Rxc7 f4 32. Nf5 Rf7 33. Nxe7
Rxe7 34. Rxe7 Kxe7 35. Kf1 Kf6 36. g4 Ne7 37. h4 e4 38. Nd2 Ke5 39. h5 f3 40. g5
Kf5 41. g6 Kg5 42. Nxe4+ Kxh5 43. Nc5 Kxg6 44. Nxb7 Kf6 45. Nc5 a5 46. b4 Nd5
47. bxa5 Nxc3 48. a6 Nd5 49. a5 Nc7 50. a7 Ke7 51. Na4 1-0

[Event "39th Olympiad Women"]
[Site "Khanty-Mansiysk RUS"]
[Date "2010.09.27"]
[Round "6"]
[White "Dos Ramos, Rosangela"]
[Black "Fransson, Angelina"]
[Result "0-1"]
[WhiteElo "1733"]
[BlackElo "1910"]
[Board "37.4"]
[WhiteTeam "SUR"]
[BlackTeam "SWE"]
[WhiteFideId "8200521"]
[BlackFideId "1712632"]
[EventDate "2010.09.21"]
[EventType "team"]

1. e4 c5 2. Nf3 d6 3. d4 cxd4 4. Nxd4 Nf6 5. Nc3 e6 6. Be3 a6 7. Be2 Be7 8. O-O
O-O 9. Kh1 Nc6 10. f4 Qc7 11. Qe1 Re8 12. Qg3 Bf8 13. Rad1 b5 14. a3 Bb7 15. Bf3
Rac8 16. Qf2 b4 17. axb4 Nxb4 18. Nb3 d5 19. e5 Ne4 20. Bxe4 dxe4 21. Bb6 Qb8
22. Rd2 Nd5 23. Nd1 Nxb6 24. Qxb6 Bd5 25. Qxb8 Rxb8 26. Nd4 Red8 27. Re1 Rd7 28.
c3 a5 29. Ne3 Rdb7 30. Ree2 Rb6 31. h3 a4 32. c4 Bc6 33. Nxc6 Rxc6 34. Rc2 Rbc8
35. Rc3 Bc5 36. Nd1 Bb4 37. Rce3 Rxc4 38. Rxe4 Ba5 39. Nf2 h6 40. Nd3 Bb6 41.
Ne1 g6 42. Nf3 h5 43. Kh2 Kg7 44. Ng5 h4 45. Nf3 Rxe4 46. Rxe4 Bf2 47. Re2 Bg3+
48. Kh1 Rc1+ 49. Ng1 Bxf4 50. Re4 Bg3 51. Re2 g5 0-1

[Event "39th Olympiad Women"]
[Site "Khanty-Mansiysk RUS"]
[Date "2010.09.27"]
[Round "6"]
[White "Lanchava, Tea"]
[Black "Abarca Gonzalez, Damaris"]
[Result "1-0"]
[WhiteTitle "IM"]
[WhiteElo "2342"]
[BlackElo "1991"]
[Board "38.1"]
[WhiteTeam "NED"]
[BlackTeam "CHI"]
[WhiteFideId "1005308"]
[BlackFideId "3409414"]
[EventDate "2010.09.21"]
[EventType "team"]

1. Nf3 d5 2. b3 Nf6 3. Bb2 Bf5 4. d3 e6 5. g3 Be7 6. Bg2 Nbd7 7. O-O O-O 8. Nbd2
Re8 9. Re1 Bb4 10. e4 dxe4 11. dxe4 Bg4 12. a3 Bxd2 13. Qxd2 e5 14. h3 Bxf3 15.
Bxf3 Qe7 16. a4 a5 17. Ba3 c5 18. Bg2 Nf8 19. Qc3 b6 20. f4 Rad8 21. Bb2 N6d7
22. Bf1 Ne6 23. f5 Nd4 24. Bc4 Kh8 25. Bc1 Nb8 26. Rf1 Rd6 27. Qb2 Ndc6 28. c3
Red8 29. Be3 Nd7 30. Qe2 Nf6 31. Qf3 Qb7 32. Rae1 Na7 33. Bc1 Rf8 34. g4 Ne8 35.
g5 Rd8 36. Qh5 Nd6 37. Bd5 1-0

[Event "39th Olympiad Women"]
[Site "Khanty-Mansiysk RUS"]
[Date "2010.09.27"]
[Round "6"]
[White "Toro Pradenas, Maria Jose"]
[Black "Bensdorp, Marlies"]
[Result "0-1"]
[WhiteTitle "WFM"]
[BlackTitle "WIM"]
[WhiteElo "1951"]
[BlackElo "2288"]
[Board "38.2"]
[WhiteTeam "CHI"]
[BlackTeam "NED"]
[WhiteFideId "3412610"]
[BlackFideId "1009311"]
[EventDate "2010.09.21"]
[EventType "team"]

1. e4 e6 2. d4 d5 3. Nc3 Nf6 4. e5 Nfd7 5. f4 c5 6. Nf3 Nc6 7. Bb5 Qb6 8. Bxc6
bxc6 9. Na4 Qa5+ 10. c3 cxd4 11. Nxd4 c5 12. Ne2 Ba6 13. b3 Bb5 14. Bd2 Bxa4 15.
bxa4 c4 16. Nd4 Nc5 17. O-O Qxa4 18. Qg4 g6 19. Rfb1 Be7 20. Qf3 Qd7 21. g4 h5
22. Qh3 Ne4 23. Be1 Bc5 24. Rb2 Kf8 25. Rab1 Bb6 26. Kg2 Kg8 27. g5 Kg7 28. Qf3
Rab8 29. Qd1 Rb7 30. h4 Rhb8 31. Qc2 Nc5 32. Nb5 Nd3 33. Nd6 Nxb2 34. Nxb7 Nd3
35. Nd6 Nxe1+ 36. Rxe1 Bc5 37. Kg3 Bxd6 38. exd6 Qxd6 39. Qa4 Qc7 40. Qa3 Rb5
41. Re2 Qc5 42. Qc1 Qb6 43. Kf3 Rb1 44. Qd2 Qg1 45. Rg2 Qf1+ 46. Kg3 Rd1 47. Qf2
Rd3+ 0-1

[Event "39th Olympiad Women"]
[Site "Khanty-Mansiysk RUS"]
[Date "2010.09.27"]
[Round "6"]
[White "Schut, Lisa"]
[Black "Jorquera Cabello, Valentina"]
[Result "1-0"]
[WhiteTitle "WIM"]
[WhiteElo "2288"]
[BlackElo "1970"]
[Board "38.3"]
[WhiteTeam "NED"]
[BlackTeam "CHI"]
[WhiteFideId "1019481"]
[BlackFideId "3405494"]
[EventDate "2010.09.21"]
[EventType "team"]

1. e4 c5 2. Nf3 Nc6 3. d4 cxd4 4. Nxd4 Nf6 5. Nc3 e5 6. Ndb5 d6 7. Bg5 a6 8. Na3
b5 9. Nd5 Be7 10. Bxf6 Bxf6 11. c4 b4 12. Nc2 a5 13. Qf3 Be6 14. Rd1 Bxd5 15.
Rxd5 Ne7 16. Rb5 Qc7 17. Be2 Ng6 18. g3 Nf8 19. a3 bxa3 20. Qxa3 Ne6 21. O-O O-O
22. Rd1 Nc5 23. Ne3 Rfb8 24. Nd5 Qd8 25. Bg4 Bg5 26. h4 Bh6 27. Qf3 Rxb5 28.
cxb5 Rb8 29. Nc3 Qb6 30. Qe2 Nb3 31. Rd5 Nd4 32. Qc4 g6 33. Na4 Qb7 34. b6 Bf8
35. Qc7 f5 36. Qxb7 Rxb7 37. exf5 gxf5 38. Bh3 Kf7 39. Bg2 Nc6 40. Rb5 e4 41.
Rxf5+ Ke7 42. Bxe4 Nd4 43. Rxf8 Rxb6 44. Nxb6 Kxf8 45. Nc4 a4 46. Nxd6 h6 47.
Nf5 Nb5 48. Bd3 1-0

[Event "39th Olympiad Women"]
[Site "Khanty-Mansiysk RUS"]
[Date "2010.09.27"]
[Round "6"]
[White "Vasquez Ramirez, Rocio"]
[Black "Nur, Nabila Azman Hisham"]
[Result "1-0"]
[WhiteTitle "WIM"]
[BlackTitle "WCM"]
[WhiteElo "2227"]
[BlackElo "1829"]
[Board "39.2"]
[WhiteTeam "ECU"]
[BlackTeam "MAS"]
[WhiteFideId "3600750"]
[BlackFideId "5702135"]
[EventDate "2010.09.21"]
[EventType "team"]

1. d4 Nf6 2. Nf3 g6 3. Nc3 Bg7 4. e4 O-O 5. e5 Ne8 6. h4 h5 7. Bc4 c5 8. Qd3 d5
9. dxc5 e6 10. Bb5 Qc7 11. b4 Nc6 12. Bxc6 bxc6 13. O-O Rb8 14. b5 cxb5 15. Nxb5
Qa5 16. a4 Ba6 17. Bg5 Bxb5 18. axb5 Qc7 19. c6 Kh7 20. Be3 a5 21. Bc5 Rh8 22.
c4 dxc4 23. Qxc4 Bf8 24. Be3 Bb4 25. Rfd1 Rf8 26. Rd7 Qc8 27. b6 Ng7 28. b7 Qe8
29. Ba7 Nf5 30. Bxb8 Qxb8 31. c7 Qxb7 32. Rd8 1-0

[Event "39th Olympiad Women"]
[Site "Khanty-Mansiysk RUS"]
[Date "2010.09.27"]
[Round "6"]
[White "Wahiduddin, Nurul Huda"]
[Black "Moncayo Romero, Evelyn"]
[Result "0-1"]
[BlackTitle "WIM"]
[WhiteElo "2020"]
[BlackElo "2127"]
[Board "39.3"]
[WhiteTeam "MAS"]
[BlackTeam "ECU"]
[WhiteFideId "5700396"]
[BlackFideId "3600424"]
[EventDate "2010.09.21"]
[EventType "team"]

1. e4 c5 2. Nf3 d6 3. d4 cxd4 4. Nxd4 Nf6 5. Nc3 a6 6. Be2 e5 7. Nb3 Be7 8. Be3
Be6 9. Bf3 Nbd7 10. Nd5 Bxd5 11. exd5 Nb6 12. Qd3 O-O 13. Nd2 Rc8 14. c4 Re8 15.
O-O Bf8 16. b3 g6 17. Bg5 Be7 18. Be3 Nfd7 19. Bd1 f5 20. f3 Bf6 21. Rc1 Nc5 22.
Bxc5 dxc5 23. Bc2 Bg5 24. Rce1 Qd7 25. Nb1 Rcd8 26. Nc3 Nc8 27. Kh1 Nd6 28. Re2
b5 29. Rfe1 Bf6 30. Qe3 Rc8 31. Qd3 Re7 32. Bb1 Qb7 33. Bc2 Kg7 34. Rb1 b4 35.
Nd1 e4 36. Qe3 exf3 37. Qxf3 Rxe2 38. Qxe2 Re8 39. Qf1 Qe7 40. Bd3 Bd4 41. h3
Qh4 42. Qf3 Re1+ 43. Kh2 Be5+ 44. g3 Bxg3+ 45. Kg2 Qg5 46. Nf2 Bxf2+ 47. Kxf2
Qg1# 0-1

[Event "39th Olympiad Women"]
[Site "Khanty-Mansiysk RUS"]
[Date "2010.09.27"]
[Round "6"]
[White "Latreche, Sabrina"]
[Black "Elansary, Eman"]
[Result "1-0"]
[WhiteTitle "WFM"]
[WhiteElo "1951"]
[BlackElo "1836"]
[Board "40.1"]
[WhiteTeam "ALG"]
[BlackTeam "EGY"]
[WhiteFideId "7901798"]
[BlackFideId "10606700"]
[EventDate "2010.09.21"]
[EventType "team"]

1. e4 e5 2. Nf3 Nc6 3. Bc4 Bc5 4. c3 Nf6 5. d3 d6 6. Bb3 a6 7. Nbd2 h6 8. h3 O-O
9. O-O Be6 10. Re1 Nh5 11. d4 exd4 12. cxd4 Bxb3 13. Nxb3 Ba7 14. d5 Ne7 15.
Nfd4 Nf6 16. Qf3 Nd7 17. Qg3 Kh7 18. Bf4 Rg8 19. Rac1 Ng6 20. Nf5 Nde5 21. Bd2
Rc8 22. Nbd4 Bxd4 23. Nxd4 Qh4 24. Qxh4 Nxh4 25. Re3 Nhg6 26. Rec3 Rge8 27. Rxc7
Rxc7 28. Rxc7 Re7 29. Rxe7 Nxe7 30. Bb4 Nc8 31. Nf5 Nc4 32. b3 a5 33. Bc3 g6 34.
Nd4 Ne5 35. Bxa5 Kg7 36. Bc7 Kf8 37. Ba5 Ke7 38. Kf1 Nd3 39. Ke2 Nf4+ 40. Kf3 b6
41. Kxf4 bxa5 42. Nc6+ 1-0

[Event "39th Olympiad Women"]
[Site "Khanty-Mansiysk RUS"]
[Date "2010.09.27"]
[Round "6"]
[White "Mona, Khaled"]
[Black "Hamza, Amira"]
[Result "1-0"]
[WhiteTitle "WGM"]
[BlackTitle "WCM"]
[WhiteElo "2103"]
[BlackElo "1886"]
[Board "40.2"]
[WhiteTeam "EGY"]
[BlackTeam "ALG"]
[WhiteFideId "10605908"]
[BlackFideId "7901160"]
[EventDate "2010.09.21"]
[EventType "team"]

1. d4 Nf6 2. Nf3 g6 3. Bf4 Bg7 4. c4 O-O 5. Nc3 d6 6. h3 Nh5 7. Bh2 f5 8. e3 e6
9. Be2 f4 10. e4 Bh6 11. Qd2 Ng7 12. g4 g5 13. O-O-O b6 14. h4 Bb7 15. hxg5 Bxg5
16. Nxg5 Qxg5 17. f3 Nd7 18. Bg1 Rf6 19. Bd3 Rh6 20. Bh2 Rf6 21. e5 dxe5 22.
Bxh7+ Kf7 23. Be4 c6 24. d5 exd5 25. cxd5 Rd8 26. dxc6 Bxc6 27. Bxc6 Rxc6 28.
Qd5+ Re6 29. Ne4 Qe7 30. Bg1 Rc8+ 31. Kb1 Nf8 32. Bf2 Ng6 33. Nd6+ Qxd6 34. Qxd6
Rxd6 35. Rxd6 Rc7 36. Rh6 Ne7 37. Bh4 Ne8 38. Rh7+ Kf8 39. Re6 Nd5 40. Rh8+ 1-0

[Event "39th Olympiad Women"]
[Site "Khanty-Mansiysk RUS"]
[Date "2010.09.27"]
[Round "6"]
[White "Latreche, Khadidja"]
[Black "Basta-Sohair, F."]
[Result "1-0"]
[WhiteTitle "WCM"]
[BlackTitle "WIM"]
[WhiteElo "1815"]
[BlackElo "2030"]
[Board "40.3"]
[WhiteTeam "ALG"]
[BlackTeam "EGY"]
[WhiteFideId "7901780"]
[BlackFideId "10600175"]
[EventDate "2010.09.21"]
[EventType "team"]

1. e4 c5 2. Nf3 Nc6 3. d4 cxd4 4. Nxd4 g6 5. Be3 Bg7 6. Nc3 Nf6 7. Be2 O-O 8.
O-O d5 9. exd5 Nxd5 10. Nxd5 Qxd5 11. Bf3 Qd7 12. Nxc6 bxc6 13. Qxd7 Bxd7 14.
Rad1 Bf5 15. c3 Rfc8 16. Bc5 Rc7 17. Rfe1 Bf6 18. b3 Rb8 19. Bd4 Kg7 20. Be5
Bxe5 21. Rxe5 Rb5 22. Re2 Kf6 23. h3 Re5 24. Red2 Be4 25. Be2 Bd5 26. f4 Re3 27.
c4 Be4 28. Kf2 Rc3 29. Rd4 Bf5 30. g4 Be6 31. Bd3 h5 32. Rg1 hxg4 33. hxg4 c5
34. Rd8 g5 35. f5 Bd7 36. Ke3 Ke5 37. Re1 Bc6 38. Kd2+ Kf4 39. Kxc3 Kxg4 40. Rg8
f6 41. Rg7 Kf3 42. Rgxe7 Rxe7 43. Rxe7 g4 44. Be2+ Kf4 45. Re6 Bf3 46. Bxf3 gxf3
47. Kd3 Kxf5 48. Rc6 1-0

[Event "39th Olympiad Women"]
[Site "Khanty-Mansiysk RUS"]
[Date "2010.09.27"]
[Round "6"]
[White "Emad, Tania"]
[Black "Milligan, Helen"]
[Result "0-1"]
[BlackTitle "WFM"]
[WhiteElo "1955"]
[BlackElo "2033"]
[Board "41.1"]
[WhiteTeam "JOR"]
[BlackTeam "NZL"]
[WhiteFideId "8102007"]
[BlackFideId "2401312"]
[EventDate "2010.09.21"]
[EventType "team"]

1. d4 Nf6 2. Nf3 g6 3. Bf4 d6 4. e3 Bg7 5. Be2 Nbd7 6. Nbd2 O-O 7. O-O c5 8. c3
a6 9. a4 b6 10. Bg3 Bb7 11. b4 Nh5 12. Qb3 Nxg3 13. hxg3 Qc7 14. a5 b5 15. c4
bxc4 16. Bxc4 e6 17. bxc5 dxc5 18. Rab1 Bc6 19. Qa3 Bxf3 20. gxf3 cxd4 21. exd4
Bxd4 22. Kg2 Qa7 23. Ne4 Rac8 24. Rfc1 Ne5 25. Bf1 Kg7 26. Qa2 Rxc1 27. Rxc1 Rb8
28. Rc2 Qb7 29. Be2 h5 30. Nd6 Qb4 31. Nc4 Qe1 32. Ne3 Rb1 33. Nd1 Rxd1 34. Bxd1
Qxd1 35. f4 Qf3+ 36. Kf1 Ng4 37. Rd2 Bxf2 38. Rxf2 Qxf2+ 39. Qxf2 Nxf2 40. Kxf2
Kf6 41. Ke3 e5 42. Ke4 exf4 43. Kxf4 g5+ 44. Ke4 Ke6 45. Kd4 h4 46. gxh4 gxh4
47. Ke4 f5+ 48. Kf4 Kd5 49. Kg5 h3 0-1

[Event "39th Olympiad Women"]
[Site "Khanty-Mansiysk RUS"]
[Date "2010.09.27"]
[Round "6"]
[White "Maroroa, Sue"]
[Black "Dahdal, Lougain"]
[Result "1-0"]
[WhiteTitle "WIM"]
[WhiteElo "1981"]
[BlackElo "1885"]
[Board "41.2"]
[WhiteTeam "NZL"]
[BlackTeam "JOR"]
[WhiteFideId "4301498"]
[BlackFideId "8102880"]
[EventDate "2010.09.21"]
[EventType "team"]

1. e4 c5 2. Nc3 e6 3. f4 d5 4. Nf3 dxe4 5. Nxe4 Nf6 6. d3 b6 7. Be2 Bb7 8. Ng3
Nc6 9. O-O Nd4 10. Nxd4 Qxd4+ 11. Kh1 Be7 12. Bf3 Bxf3 13. Qxf3 O-O 14. Ne4 c4
15. Nxf6+ Bxf6 16. Qe4 cxd3 17. Qxd4 Bxd4 18. Rd1 Rfd8 19. cxd3 Rac8 20. Rb1 Rc2
21. Bd2 Bxb2 22. Be3 Rdc8 23. Kg1 Ba3 24. Ra1 Re2 25. Re1 Rxe1+ 26. Rxe1 Rc2 27.
Ra1 h5 28. Kf1 g6 29. h3 Kf8 30. Rb1 Rxa2 31. Rb3 Ra1+ 32. Ke2 Bc1 33. Bd4 Ra2+
34. Kf3 Rc2 35. Rb4 Bd2 36. Ra4 Ba5 37. Bf6 Ke8 38. g4 hxg4+ 39. hxg4 Rc5 40.
Ke4 Kd7 41. Rd4+ Rd5 42. Ra4 Kc6 43. Bd4 Kb7 44. Be5 Rb5 45. Ra2 Rc5 46. Rh2 Bc3
47. d4 Rd5 48. Rc2 f5+ 49. gxf5 gxf5+ 50. Ke3 Bb4 51. Rc7+ Ka6 52. Rc6 Kb5 53.
Rxe6 Rd7 54. Rf6 a5 55. Rxf5 a4 56. Kd3 a3 57. Kc2 Kc4 58. Rf6 Ra7 59. Rc6+ Kd5
60. Rc7 Ra6 61. Kb1 Bd6 62. Rc3 b5 63. Ka2 b4 64. Rc2 Be7 65. Kb3 Ke4 66. Re2+
Kd3 67. Rc2 Bh4 68. d5 Be7 69. Rc7 a2 70. Rxe7 a1=Q 71. Bxa1 Rxa1 72. Kxb4 Kd4
73. d6 Rb1+ 74. Ka3 Rb8 75. d7 Rd8 76. Re1 Kc3 77. Rc1+ Kd2 78. Rc7 Ke3 79. f5
Ke4 80. Kb4 Kxf5 81. Kc5 Ke6 82. Kc6 Ke7 83. Ra7 Ke6 84. Ra2 Rh8 85. Re2+ 1-0

[Event "39th Olympiad Women"]
[Site "Khanty-Mansiysk RUS"]
[Date "2010.09.27"]
[Round "6"]
[White "Boshra, Alshaeby"]
[Black "Chen, Eachen"]
[Result "1-0"]
[BlackTitle "WCM"]
[WhiteElo "1798"]
[BlackElo "1966"]
[Board "41.3"]
[WhiteTeam "JOR"]
[BlackTeam "NZL"]
[WhiteFideId "8102937"]
[BlackFideId "4301919"]
[EventDate "2010.09.21"]
[EventType "team"]

1. d4 d5 2. c4 e6 3. Nf3 Nf6 4. e3 Be7 5. Bd3 O-O 6. O-O dxc4 7. Bxc4 b6 8. Nc3
Bb7 9. Qe2 Nbd7 10. e4 c5 11. Rd1 cxd4 12. Nxd4 Qc8 13. Bg5 h6 14. Bh4 Ne5 15.
Bb3 Ng6 16. Bg3 Ba6 17. Qf3 Qc5 18. Rac1 Qh5 19. Qxh5 Nxh5 20. Nc6 Bg5 21. Rc2
Rfc8 22. Nb4 Bc4 23. Ba4 e5 24. Bd7 Rf8 25. b3 Be6 26. Bxe6 fxe6 27. Nb5 Nxg3
28. hxg3 Rf7 29. Nc7 Rd8 30. Rxd8+ Bxd8 31. Nxe6 Be7 32. Nd5 Ba3 33. Nec7 Bc5
34. b4 Bf8 35. a4 Ne7 36. Nxe7+ Bxe7 37. Nd5 Bd6 38. Rc6 Bb8 39. Rc8+ Rf8 40.
Ne7+ Kf7 41. Rxf8+ Kxf8 42. Nc6 Bc7 43. Nxa7 Ke8 44. Kf1 Kd7 45. Nb5 Bd8 46. Nc3
Kc6 47. Ke2 Be7 48. Nd5 Bd8 49. f4 Kd6 50. Kf3 h5 51. f5 Kc6 52. g4 h4 53. g5
Bxg5 54. Kg4 Bd8 55. Kh5 1-0

[Event "39th Olympiad Women"]
[Site "Khanty-Mansiysk RUS"]
[Date "2010.09.27"]
[Round "6"]
[White "Chen, I-Chen"]
[Black "Lang, Heather"]
[Result "1-0"]
[WhiteElo "1699"]
[BlackElo "2025"]
[Board "43.1"]
[WhiteTeam "TPE"]
[BlackTeam "SCO"]
[WhiteFideId "16300181"]
[BlackFideId "2400979"]
[EventDate "2010.09.21"]
[EventType "team"]

1. e4 e5 2. Nf3 Nc6 3. d4 exd4 4. Nxd4 Bc5 5. Be3 Qf6 6. c3 Nge7 7. Qd2 O-O 8.
Nb5 Bxe3 9. Qxe3 Qe5 10. f4 Nd5 11. fxe5 Nxe3 12. Nxc7 Rb8 13. Na3 Nxe5 14. Kd2
Nxf1+ 15. Rhxf1 b5 16. b4 a6 17. c4 bxc4 18. Kc3 Bb7 19. Rad1 Bxe4 20. Rfe1 f5
21. Nxa6 Ra8 22. Rd6 Rf6 23. Rxf6 gxf6 24. b5 d5 25. Nc2 Bxc2 26. Kxc2 Kf7 27.
Rd1 Nd3 28. Rb1 Ra7 29. b6 Rb7 30. Nc7 d4 31. a4 Nc5 32. a5 Na4 33. Nd5 d3+ 34.
Kd2 Nc5 35. Kc3 Nb3 36. a6 Rd7 37. b7 Rxd5 38. b8=Q Ra5 39. Qc7+ Kg6 40. Qxa5
Nxa5 41. a7 1-0

[Event "39th Olympiad Women"]
[Site "Khanty-Mansiysk RUS"]
[Date "2010.09.27"]
[Round "6"]
[White "Giulian, Rosemary A"]
[Black "Lin, Yu-Tong Elaine"]
[Result "1-0"]
[WhiteElo "1990"]
[BlackElo "1464"]
[Board "43.2"]
[WhiteTeam "SCO"]
[BlackTeam "TPE"]
[WhiteFideId "2400375"]
[BlackFideId "16300149"]
[EventDate "2010.09.21"]
[EventType "team"]

1. e4 e5 2. Nf3 Nc6 3. Bb5 a6 4. Ba4 Nf6 5. d4 exd4 6. O-O b5 7. Bb3 d6 8. Ng5
d5 9. exd5 Ne7 10. d6 Ned5 11. Re1+ Be6 12. Nxe6 fxe6 13. Rxe6+ Kf7 14. Rxf6+
gxf6 15. Bxd5+ Ke8 16. Bc6+ Kf7 17. Qh5+ Ke6 18. Qd5# 1-0

[Event "39th Olympiad Women"]
[Site "Khanty-Mansiysk RUS"]
[Date "2010.09.27"]
[Round "6"]
[White "Perez, Eneida"]
[Black "Awad, Omaima"]
[Result "1-0"]
[WhiteTitle "WFM"]
[BlackTitle "WCM"]
[WhiteElo "2099"]
[BlackElo "1669"]
[Board "44.1"]
[WhiteTeam "DOM"]
[BlackTeam "YEM"]
[WhiteFideId "602795"]
[BlackFideId "9400117"]
[EventDate "2010.09.21"]
[EventType "team"]

1. d4 Nf6 2. e3 g6 3. Nf3 Bg7 4. Be2 O-O 5. O-O d6 6. c4 Bg4 7. Nc3 Nbd7 8. Qc2
e5 9. dxe5 dxe5 10. Rb1 a5 11. b3 Re8 12. h3 Bxf3 13. Bxf3 c6 14. Ba3 Qc7 15.
Rfd1 Rad8 16. Bd6 Qc8 17. Ba3 b5 18. Bb2 Nb6 19. Be2 b4 20. Ne4 Nxe4 21. Qxe4 c5
22. Qc2 Qc7 23. a3 Rxd1+ 24. Rxd1 Rd8 25. axb4 Rxd1+ 26. Qxd1 axb4 27. Bf3 Qd7
28. Qxd7 Nxd7 29. Bc6 Nb6 30. e4 Kf8 31. Kf1 Ke7 32. Ke2 Nd7 33. Bc1 Nf8 34. Bd5
Ne6 35. Bxe6 Kxe6 36. Be3 Bf8 37. Kf3 f6 38. g3 Kf7 39. Kg4 Ke6 40. Kf3 Kf7 41.
Ke2 Ke6 42. f4 h5 43. Kf3 Bd6 44. Bf2 Kf7 45. fxe5 fxe5 46. g4 Kf6 47. Be3 Bf8
48. Kg3 Be7 49. Kh4 Kf7+ 50. Bg5 Bxg5+ 51. Kxg5 hxg4 52. Kxg4 Kf6 53. h4 Kf7 54.
Kg5 Kg7 55. h5 gxh5 56. Kxh5 Kf6 57. Kh6 Ke7 58. Kg7 Ke6 59. Kg6 Ke7 60. Kf5 1-0

[Event "39th Olympiad Women"]
[Site "Khanty-Mansiysk RUS"]
[Date "2010.09.27"]
[Round "6"]
[White "Abdulsalam, Nadhmia"]
[Black "Jose Polanco, Kenia"]
[Result "0-1"]
[WhiteTitle "WCM"]
[WhiteElo "1586"]
[BlackElo "1997"]
[Board "44.2"]
[WhiteTeam "YEM"]
[BlackTeam "DOM"]
[WhiteFideId "9400877"]
[BlackFideId "6401074"]
[EventDate "2010.09.21"]
[EventType "team"]

1. d4 e6 2. Nf3 Nf6 3. e3 b6 4. Bd3 Bb7 5. Nbd2 c5 6. b3 cxd4 7. exd4 Nd5 8. Bb2
Nf4 9. O-O Nxd3 10. cxd3 d5 11. Rc1 Bd6 12. Ne5 O-O 13. f4 Na6 14. a3 Qe7 15.
Rf3 Bxa3 16. Bxa3 Qxa3 17. Rg3 Rac8 18. Rb1 Rc7 19. Ndf3 Rfc8 20. Qe2 Rc1+ 21.
Rxc1 Qxc1+ 22. Ne1 Nb4 23. Nxf7 Kxf7 24. Qh5+ Kf8 25. Qe5 Qc7 26. Qxe6 Re8 27.
Qf5+ Kg8 28. Kf2 Bc8 29. Qh5 Qxf4+ 30. Rf3 Qd2+ 31. Kg3 Qxe1+ 32. Kf4 Rf8+ 33.
Kg5 Qe7+ 0-1